Регионална библиотека "Любен Каравелов" - Русе

Записки за България и българите (Запис номер 516796)

MARC детайли
000 -Лидер
Лидер 01577nam a2200325 a 4500
003 - Код на организацията, давaща контролен номер
Код на организацията, даваща контролен номер BLK
005 - Дата и час на последна редакция
Дата и час на последна редакция 20250117132305.0
007 - Фиксирано поле за физическо описани
Физическо описание ta
008 - Елементи от данни с фиксирана дължина
Елементи с фиксирана дължина 221104b bu |||||r|||| 00| | bu d
020 ## - Международен стандартен номер на книга ISBN
ISBN 9786197688306
040 ## - Източник на каталожния запис
Код на библиотеката BLK
041 ## - Код за език
Език Български
Език за КДБФ Български
080 ## - УДК
9 (RLIN) 227592
УДК текст Българска литература
УДК код 821.163.2
УДК – определител -992
УДК – код + определител 821.163.2-992
084 ## - Класификационен индекс по друга класификация
Авторски знак Карав - К 29
100 ## - Редна дума - Автор
R(LIN) 431119
Автор Каравелов, Любен Стойчев
Години, свързани с автора 1834-1879
Биография на автора Писател, публицист, фолклорист, революционер
245 ## - Сведения за заглавието
Заглавие Записки за България и българите
Авторска отговорност Любен Каравелов ; увод Боян Пенев
250 ## - Област на изданието
Поредност на изданието 2. изд.
260 ## - Област на издателските данни
9 (RLIN) 220482
Място на издаване София
Име на издателя БИ 93
Година на издаване 2024
300 ## - Физическа характеристика
Брой страници 208 с.
Илюстрации с ил.
Размер 21 см
380 ## - Жанр
Жанр Худож. лит.
500 ## - Общи забележки
Обща забележка Пълната форма на името на авт. на доп. материал Боян Пенев е Боян Пенев Николов<br/>1. изд. 1940 на изд. Игнатов, в Библиотека за всички ; № 125<br/>Любен Каравелов - енциклопедистът на Възраждането / Теодор Борисов: с. 7-10
700 ## - Други автори (авторска отговорност)
9 (RLIN) 396852
Друг автор Пенев, Боян
Пълното име на др. автор Николов, Боян Пенев
700 ## - Други автори (авторска отговорност)
9 (RLIN) 402205
Друг автор Борисов, Теодор Иванов
852 ## - Местоположение
Сигнатура (форматна) Цб 324195
Отдел Хранилище
852 ## - Местоположение
Отдел Заемна - подръчен фонд
Систематично-азбучна сигнатура 821.163.2-9/К 29 Л
856 ## - Електронен адрес и достъп
Инструкция (цена за достъп) 0.00
Права за достъп disable
942 ## - АРТИКУЛИ
Вид на библиотечния документ Книги
Скрит в OPAC Не
944 ## - СЪЗДАВАНЕ И РЕДАКЦИЯ на ЗАПИСА
Дата на регистрацията/редакция Кети Илиева
Служител, извършил регистрацията/редакцията 30570
Номер на служител Моника Янева
944 ## - СЪЗДАВАНЕ И РЕДАКЦИЯ на ЗАПИСА
Създаване/Редакция Редакция
Дата на регистрацията/редакция 2025-01-17
Служител, извършил регистрацията/редакцията М.Я.
999 ## - СИСТЕМНИ КОНТРОЛНИ НОМЕРА
Koha biblionumber 516796
Koha biblioitemnumber 516796
Наличности
Код за отписване Код за изгубен артикул Източник на класификационната схема Код за повреда Коз за рестрикции Код за отдаване Артикулен № Име на библиотеката - собственик Име на библиотеката, в която се намира в момента Статус (Текущо местоположение) Дата на вписване в системата Местоположение - отдел Цена в лева Инвентарен номер Систематично азбучна сигнатура Баркод Цена в евро Служебен тип на артикула
  Не е изгубен Universal Decimal Classification Не е повреден само за читалня ползва се в читалня 948695 Регионална библиотека "Любен Каравелов" Русе Регионална библиотека "Любен Каравелов" Русе Хранилище 2024-09-13 Хранилище 18.00 120000912065 Цб 324195 120000912065 9.20 Книги
  Не е изгубен Universal Decimal Classification Не е повреден   заемане за дома 959507 Регионална библиотека "Любен Каравелов" Русе Регионална библиотека "Любен Каравелов" Русе Заемна - подръчен фонд 2025-01-29 Заемна - подръчен фонд 13.50 120000917188 821.163.2-9/К 29 Л 120000917188 6.90 Книги
Vip Innovations Ltd, Rousse, Bulgaria 2025